[Event "2nd Agzamov Memorial"]
[Site "Tashkent UZB"]
[Date "2008.03.24"]
[Round "5"]
[White "Tseshkovsky, V."]
[Black "Kayumov, S."]
[Result "1-0"]
[WhiteElo "2504"]
[BlackElo "2426"]
[PlyCount "130"]
[EventDate "2008.03.19"]
[EventType "swiss"]
[EventRounds "9"]
[EventCountry "UZB"]
[Source "Mark Crowther"]
[SourceDate "2008.03.31"]

1. e4 e6 2. d4 d5 3. Nc3 Nf6 4. Bg5 Bb4 5. e5 h6 6. Bd2 Bxc3 7. bxc3 Ne4 8. Qg4
Kf8 9. Qf4 c5 10. Bd3 Nxd2 11. Qxd2 Nc6 12. Nf3 c4 13. Be2 Ke7 14. h4 Kd7 15.
Qf4 Qe7 16. a4 Kc7 17. h5 Bd7 18. Kd2 Raf8 19. Qg3 Rhg8 20. Nh2 Kb8 21. Ng4 Ka8
22. f4 Qd8 23. Qe3 Ne7 24. a5 Nc6 25. a6 b5 26. Rhb1 Ne7 27. Qf3 Bc6 28. Qh3
Qd7 29. Ne3 f6 30. Bg4 f5 31. Bf3 Rb8 32. g4 Rb6 33. gxf5 exf5 34. Ke2 Qe6 35.
Kf2 Kb8 36. Rg1 Qf7 37. Qh1 Kc7 38. Rg6 Ba8 39. Rxb6 axb6 40. Qb1 Bc6 41. Qb4
Qe6 42. Rg1 Kd7 43. Qa3 Ke8 44. Qd6 Kf7 45. Qc7 Rc8 46. Qxb6 Bd7 47. Qd6 Rc6
48. Qxd5 Nxd5 49. Bxd5 Qxd5 50. Nxd5 Rxa6 51. Nb4 Ra3 52. Rg3 Ra1 53. d5 Be8
54. Rg6 Kf8 55. Rb6 Bxh5 56. Rb8+ Kf7 57. Nc6 g5 58. e6+ Kf6 59. Rf8+ Kg7 60.
e7 Rd1 61. Nd4 gxf4 62. Ne6+ Kh7 63. Nxf4 Rd2+ 64. Kg3 Rxc2 65. Nxh5 Rxc3+ 1-0

[Event "2nd Agzamov Memorial"]
[Site "Tashkent UZB"]
[Date "2008.03.24"]
[Round "5"]
[White "Glek, I."]
[Black "Khoroshev, N."]
[Result "1-0"]
[WhiteElo "2546"]
[BlackElo "2138"]
[PlyCount "91"]
[EventDate "2008.03.19"]
[EventType "swiss"]
[EventRounds "9"]
[EventCountry "UZB"]
[Source "Mark Crowther"]
[SourceDate "2008.03.31"]

1. e4 d6 2. Nc3 g6 3. d4 Nf6 4. f4 Bg7 5. a3 Nc6 6. d5 Nb8 7. Nf3 c6 8. dxc6
Nxc6 9. Bd3 O-O 10. O-O Nd7 11. Qe1 Nc5 12. Be3 Nxd3 13. cxd3 Bg4 14. Nh4 Bd4
15. Bxd4 Nxd4 16. Qf2 Nc6 17. f5 g5 18. h3 Bh5 19. Nf3 f6 20. g4 Bf7 21. h4 h6
22. d4 Qb6 23. Rad1 Kg7 24. Kg2 Rh8 25. Rh1 Na5 26. Rde1 Nc4 27. Re2 Qa5 28. e5
dxe5 29. dxe5 Nxa3 30. Ra1 Qb4 31. Rxa3 Qxg4+ 32. Qg3 Qxf5 33. Ra5 Qd3 34.
exf6+ exf6 35. Re7 Qd8 36. hxg5 hxg5 37. Nxg5 fxg5 38. Qxg5+ Kf8 39. Rxf7+ Kxf7
40. Rf5+ Ke6 41. Qg6+ Kd7 42. Rd5+ Ke7 43. Qg7+ Ke6 44. Re5+ Kd6 45. Ne4+ Kc6
46. Rc5+ 1-0

[Event "2nd Agzamov Memorial"]
[Site "Tashkent UZB"]
[Date "2008.03.24"]
[Round "5"]
[White "Dzhumaev, M."]
[Black "Rustamov, A."]
[Result "1-0"]
[WhiteElo "2527"]
[BlackElo "2265"]
[PlyCount "103"]
[EventDate "2008.03.19"]
[EventType "swiss"]
[EventRounds "9"]
[EventCountry "UZB"]
[Source "Mark Crowther"]
[SourceDate "2008.03.31"]

1. e4 e6 2. d4 d5 3. Nc3 Nf6 4. Bg5 Bb4 5. e5 h6 6. Bd2 Bxc3 7. Bxc3 Ne4 8. Ne2
c5 9. dxc5 Nc6 10. Bd4 Qa5+ 11. c3 Nxd4 12. Nxd4 Qxc5 13. Bb5+ Bd7 14. Bxd7+
Kxd7 15. O-O Kc7 16. f3 Ng5 17. f4 Ne4 18. f5 exf5 19. Rxf5 Raf8 20. Qf3 Ng5
21. Qf2 Kb8 22. Rf1 g6 23. Rf4 Re8 24. Qg3 Ka8 25. Kh1 Rxe5 26. Rf6 Rhe8 27.
Qd3 Qc4 28. Qxc4 dxc4 29. Kg1 a6 30. h4 Ne4 31. Rxf7 Ng3 32. R1f3 Ne2+ 33. Nxe2
Rxe2 34. Rf2 Re1+ 35. Kh2 R8e4 36. Kg3 g5 37. h5 Rh1 38. R2f6 Re2 39. Rb6 Rg1
40. Rf2 Rxf2 41. Kxf2 Rb1 42. Kg3 Ka7 43. Rxh6 Rxb2 44. Rg6 Rc2 45. h6 Rxc3+
46. Kh2 Rd3 47. h7 Rd4 48. h8=Q Rh4+ 49. Qxh4 gxh4 50. Rh6 b5 51. Kg1 c3 52.
Kf2 1-0

[Event "2nd Agzamov Memorial"]
[Site "Tashkent UZB"]
[Date "2008.03.24"]
[Round "5"]
[White "Tologontegin, S."]
[Black "Niyazmetov, R."]
[Result "1-0"]
[WhiteElo "2407"]
[BlackElo "2201"]
[PlyCount "125"]
[EventDate "2008.03.19"]
[EventType "swiss"]
[EventRounds "9"]
[EventCountry "UZB"]
[Source "Mark Crowther"]
[SourceDate "2008.03.31"]

1. e4 e5 2. Nf3 Nc6 3. Bb5 a6 4. Ba4 Nf6 5. O-O Be7 6. Re1 b5 7. Bb3 O-O 8. a4
Bb7 9. d3 d6 10. Nbd2 Nd7 11. axb5 axb5 12. Rxa8 Qxa8 13. Nf1 Na5 14. Ba2 Nc4
15. Bb1 Ncb6 16. c3 d5 17. Ng3 dxe4 18. dxe4 g6 19. Bh6 Re8 20. Qb3 Qa4 21. Qd1
Qxd1 22. Rxd1 Bf8 23. Be3 Bc5 24. Bc1 b4 25. Ba2 Kg7 26. cxb4 Bxb4 27. Be3 f6
28. Rc1 Bd6 29. Nd2 Ra8 30. Bb3 Ra5 31. Nc4 Nxc4 32. Bxc4 h5 33. h4 Kf8 34. f3
Ke7 35. Ne2 Nb6 36. Bxb6 cxb6 37. Nc3 Bc5+ 38. Kh2 Be3 39. Rd1 Bd4 40. b4 Ra3
41. Nd5+ Bxd5 42. Bxd5 Ra1 43. Rd2 Be3 44. Rc2 Rc1 45. Ra2 Rc7 46. Ra8 f5 47.
Rh8 Kf6 48. exf5 gxf5 49. Rxh5 Rd7 50. Bc6 Rd6 51. b5 Rd8 52. Kh3 Kg6 53. g4
fxg4+ 54. fxg4 Bf4 55. Be4+ Kg7 56. Rh7+ Kg8 57. g5 Rd4 58. Bf5 e4 59. g6 Be5
60. Re7 Rd3+ 61. Kg4 Rg3+ 62. Kh5 Bg7 63. Be6+ 1-0

[Event "2nd Agzamov Memorial"]
[Site "Tashkent UZB"]
[Date "2008.03.24"]
[Round "5"]
[White "Holmirzaev, B."]
[Black "Rakhmatullin, K."]
[Result "1-0"]
[WhiteElo "2199"]
[BlackElo "2320"]
[PlyCount "105"]
[EventDate "2008.03.19"]
[EventType "swiss"]
[EventRounds "9"]
[EventCountry "UZB"]
[Source "Mark Crowther"]
[SourceDate "2008.03.31"]

1. e4 c5 2. Nc3 e6 3. g3 Nc6 4. Bg2 g6 5. d3 Bg7 6. f4 d6 7. Nf3 Nge7 8. O-O
O-O 9. Be3 Rb8 10. Qd2 b5 11. Nd1 f5 12. e5 Nd5 13. Bf2 dxe5 14. Bxc5 Re8 15.
fxe5 Nxe5 16. Bxa7 Rb7 17. Nxe5 Rxa7 18. Re1 Qd6 19. d4 Rc7 20. c3 Bb7 21. a3
Qf8 22. Qe2 Ra8 23. Nd3 Ra6 24. Nc5 Rxc5 25. dxc5 Qxc5+ 26. Qf2 Qc7 27. Ne3 Nf6
28. Bxb7 Qxb7 29. Rad1 Ra8 30. Nc2 Ne4 31. Qf3 Bf8 32. Nd4 e5 33. Nb3 Re8 34.
g4 Re6 35. Kg2 Qb6 36. Rxe4 fxe4 37. Qxe4 Rf6 38. Rd2 Bh6 39. Re2 Bg7 40. Qd5+
Kh8 41. Nd2 Rf4 42. h3 h5 43. g5 Qb8 44. Nf3 h4 45. Nxe5 Kh7 46. Nd7 Qd8 47.
Nf6+ Bxf6 48. Qf7+ Bg7 49. Qxf4 Kg8 50. Kh2 Bf8 51. Qxh4 Bd6+ 52. Kg2 Qc7 53.
Qe4 1-0

[Event "2nd Agzamov Memorial"]
[Site "Tashkent UZB"]
[Date "2008.03.25"]
[Round "6"]
[White "Zinchenko, Ya"]
[Black "Zubarev, Al1"]
[Result "1/2-1/2"]
[WhiteElo "2516"]
[BlackElo "2491"]
[PlyCount "30"]
[EventDate "2008.03.19"]
[EventType "swiss"]
[EventRounds "9"]
[EventCountry "UZB"]
[Source "Mark Crowther"]
[SourceDate "2008.03.31"]

1. Nf3 Nf6 2. c4 e6 3. d4 d5 4. Nc3 c6 5. Bg5 Nbd7 6. e3 Bb4 7. cxd5 exd5 8.
Bd3 Qa5 9. Qc2 O-O 10. O-O h6 11. Bh4 Re8 12. a3 Bxc3 13. bxc3 b6 14. c4 Ba6
15. Rfc1 c5 1/2-1/2

[Event "2nd Agzamov Memorial"]
[Site "Tashkent UZB"]
[Date "2008.03.25"]
[Round "6"]
[White "Kvon, A."]
[Black "Glek, I."]
[Result "0-1"]
[WhiteElo "2381"]
[BlackElo "2546"]
[PlyCount "102"]
[EventDate "2008.03.19"]
[EventType "swiss"]
[EventRounds "9"]
[EventCountry "UZB"]
[Source "Mark Crowther"]
[SourceDate "2008.03.31"]

1. e4 e6 2. d4 d5 3. Nc3 Nf6 4. Bg5 Bb4 5. e5 h6 6. Bd2 Bxc3 7. bxc3 Ne4 8. Qg4
g6 9. Qf4 c5 10. Bd3 Nxd2 11. Qxd2 Qa5 12. Nf3 b6 13. O-O Ba6 14. Qe3 Nd7 15.
c4 cxd4 16. Nxd4 Bxc4 17. Bxc4 dxc4 18. Qe4 Qd5 19. Qxd5 exd5 20. Rad1 Rc8 21.
Nb5 Rc5 22. Nc3 Nxe5 23. Rfe1 d4 24. Ne4 Ra5 25. Rxd4 O-O 26. f4 Nc6 27. Rxc4
Ne7 28. Nd6 Nd5 29. a4 Nf6 30. Re5 Rd5 31. Rxd5 Nxd5 32. Kf2 Kg7 33. Nb5 a5 34.
g3 Nb4 35. Rc7 Rd8 36. Ke2 h5 37. c3 Nd5 38. Rb7 h4 39. c4 Nf6 40. Rxb6 h3 41.
Nd6 Ng4 42. c5 Nxh2 43. c6 Rxd6 44. c7 Rxb6 45. c8=Q Re6+ 46. Kf2 Ng4+ 47. Kf3
h2 48. Qc1 f5 49. Qd1 Kh7 50. Qc1 Re3+ 51. Kg2 Re2+ 0-1

[Event "2nd Agzamov Memorial"]
[Site "Tashkent UZB"]
[Date "2008.03.25"]
[Round "6"]
[White "Khamroev, R."]
[Black "Egin, V."]
[Result "0-1"]
[WhiteElo "2082"]
[BlackElo "2437"]
[PlyCount "58"]
[EventDate "2008.03.19"]
[EventType "swiss"]
[EventRounds "9"]
[EventCountry "UZB"]
[Source "Mark Crowther"]
[SourceDate "2008.03.31"]

1. e4 e5 2. Nc3 Nf6 3. Bc4 Nc6 4. d3 Bb4 5. Nf3 d5 6. exd5 Nxd5 7. Bd2 Bxc3 8.
bxc3 O-O 9. O-O Bg4 10. h3 Bh5 11. Rb1 Nb6 12. Bb3 Kh8 13. Re1 f5 14. g4 fxg4
15. Ng5 Rf5 16. h4 Qf6 17. Be3 h6 18. Be6 hxg5 19. Bxf5 Qxf5 20. hxg5 Ne7 21.
Kg2 Kg8 22. c4 Be8 23. Kg3 Bd7 24. Rh1 Qg6 25. Rh2 Nf5+ 26. Kg2 g3 27. Rh5 Bc6+
28. Kg1 Rf8 29. Rh3 gxf2+ 0-1

[Event "2nd Agzamov Memorial"]
[Site "Tashkent UZB"]
[Date "2008.03.25"]
[Round "6"]
[White "Tologontegin, S."]
[Black "Holmirzaev, B."]
[Result "1-0"]
[WhiteElo "2407"]
[BlackElo "2199"]
[PlyCount "101"]
[EventDate "2008.03.19"]
[EventType "swiss"]
[EventRounds "9"]
[EventCountry "UZB"]
[Source "Mark Crowther"]
[SourceDate "2008.03.31"]

1. e4 c5 2. Nf3 Nc6 3. d4 cxd4 4. Nxd4 Nf6 5. Nc3 e5 6. Ndb5 d6 7. Bg5 a6 8.
Na3 b5 9. Nd5 Be7 10. Bxf6 Bxf6 11. c4 b4 12. Nc2 a5 13. Qf3 Be6 14. Rd1 Bg5
15. c5 O-O 16. cxd6 Rb8 17. h4 Bh6 18. b3 Qd7 19. Be2 f5 20. Nc7 fxe4 21. Qxe4
Bf5 22. Qd5+ Kh8 23. Bd3 Bxd3 24. Rxd3 e4 25. Rd1 Rf6 26. O-O Rd8 27. Qxe4 Rxd6
28. Rxd6 Qxd6 29. Re1 Rf8 30. Nd5 g6 31. Nce3 Bg7 32. Rd1 Qb8 33. Rc1 Nd4 34.
Re1 Re8 35. Qg4 Qd6 36. h5 gxh5 37. Qxh5 Re5 38. Qg4 Qh6 39. Rc1 Ne6 40. Rc8+
Bf8 41. Qf3 Qg7 42. g3 h5 43. Nf4 Rc5 44. Rxc5 Nxc5 45. Ng6+ Kg8 46. Nxf8 Qxf8
47. Qd5+ Kg7 48. Qg5+ Kh8 49. Qxh5+ Kg8 50. Ng4 Qd6 51. Nh6+ 1-0

[Event "2nd Agzamov Memorial"]
[Site "Tashkent UZB"]
[Date "2008.03.25"]
[Round "6"]
[White "Kayumov, S."]
[Black "Hamrakulova, Y."]
[Result "1-0"]
[WhiteElo "2426"]
[BlackElo "2210"]
[PlyCount "83"]
[EventDate "2008.03.19"]
[EventType "swiss"]
[EventRounds "9"]
[EventCountry "UZB"]
[Source "Mark Crowther"]
[SourceDate "2008.03.31"]

1. e4 e5 2. Bc4 Nf6 3. d3 c6 4. Nf3 Be7 5. O-O d6 6. Bb3 O-O 7. c3 Bg4 8. Re1
Nbd7 9. h3 Bh5 10. Nbd2 Re8 11. Nf1 Bf8 12. Ng3 Bg6 13. Nh4 Nc5 14. Bc2 d5 15.
Qf3 dxe4 16. dxe4 Qc7 17. Bg5 Nfd7 18. Rad1 Ne6 19. Bc1 Rad8 20. Nhf5 Nf6 21.
Ne2 Rxd1 22. Rxd1 Rd8 23. Re1 c5 24. g4 c4 25. Neg3 Nf4 26. Bxf4 exf4 27. Ne2
Rd2 28. Ned4 Qe5 29. Qg2 Qe8 30. e5 Bc5 31. Nxg7 Qe7 32. Ngf5 Qe8 33. Nh6+ Kh8
34. Bxg6 fxg6 35. Qxb7 Bxd4 36. cxd4 Rxd4 37. Qxa7 Rd7 38. Qa6 Nd5 39. e6 Re7
40. Qxc4 Nf6 41. Qd4 Rxe6 42. Qxf6+ 1-0

[Event "2nd Agzamov Memorial"]
[Site "Tashkent UZB"]
[Date "2008.03.26"]
[Round "7"]
[White "Iuldachev, S."]
[Black "Timoshenko, G."]
[Result "1-0"]
[WhiteElo "2526"]
[BlackElo "2560"]
[PlyCount "127"]
[EventDate "2008.03.19"]
[EventType "swiss"]
[EventRounds "9"]
[EventCountry "UZB"]
[Source "Mark Crowther"]
[SourceDate "2008.03.31"]

1. e4 c5 2. Nf3 Nc6 3. d4 cxd4 4. Nxd4 Nf6 5. Nc3 e5 6. Ndb5 d6 7. Bg5 a6 8.
Na3 b5 9. Nd5 Be7 10. Bxf6 Bxf6 11. c4 b4 12. Nc2 a5 13. Qf3 Be6 14. Rd1 Bxd5
15. Rxd5 Ne7 16. Rd1 Qc7 17. Ne3 Bg5 18. Nf5 Nxf5 19. exf5 e4 20. Qxe4+ Qe7 21.
Bd3 d5 22. cxd5 Rd8 23. Bb5+ Kf8 24. Qxe7+ Kxe7 25. O-O Kd6 26. Rfe1 Rc8 27.
Bc6 Rc7 28. b3 Rhc8 29. g3 Re7 30. h4 Bf6 31. Rxe7 Bxe7 32. Kg2 Bf6 33. Re1 h6
34. Re4 Bc3 35. g4 Bf6 36. Kg3 Be5+ 37. f4 Bc3 38. g5 hxg5 39. fxg5 Be5+ 40.
Kg4 Rc7 41. h5 Re7 42. f6 gxf6 43. g6 fxg6 44. hxg6 f5+ 45. Kxf5 Bc3 46. Rxe7
Kxe7 47. Ke4 Kd6 48. Kd3 Kc5 49. a4 Bg7 50. Ke4 Bc3 51. Be8 Bg7 52. Bf7 Bh8 53.
Kd3 Be5 54. Ke4 Bc3 55. Be6 Bb2 56. Bh3 Bc3 57. Bg2 Bb2 58. Bf3 Bc3 59. Kd3 Be5
60. Bg2 Bf6 61. d6 Kxd6 62. Kc4 Ke6 63. Bh3+ Ke7 64. Kb5 1-0

[Event "2nd Agzamov Memorial"]
[Site "Tashkent UZB"]
[Date "2008.03.26"]
[Round "7"]
[White "Zubarev, Al1"]
[Black "Tseshkovsky, V."]
[Result "0-1"]
[WhiteElo "2491"]
[BlackElo "2504"]
[PlyCount "80"]
[EventDate "2008.03.19"]
[EventType "swiss"]
[EventRounds "9"]
[EventCountry "UZB"]
[Source "Mark Crowther"]
[SourceDate "2008.03.31"]

1. e4 d6 2. d4 Nf6 3. Nc3 g6 4. Be3 c6 5. h3 Nbd7 6. Qd2 b5 7. Bd3 Bg7 8. Nf3
O-O 9. O-O Bb7 10. a4 b4 11. Ne2 c5 12. Ng3 cxd4 13. Nxd4 Nc5 14. Qxb4 a5 15.
Qd2 Nfxe4 16. Nxe4 Bxe4 17. Bxe4 Nxe4 18. Qd3 Nc5 19. Qe2 Qd7 20. b3 Rfc8 21.
Rad1 Ne4 22. Nb5 Nc3 23. Nxc3 Rxc3 24. Bd4 Bxd4 25. Rxd4 Rac8 26. Re1 Qa7 27.
Rd2 R8c7 28. Qe4 Kg7 29. Ree2 Qb6 30. Rd5 e6 31. Rb5 Qa7 32. Rd2 d5 33. Qe5+
Kg8 34. h4 h5 35. Qf6 Rc8 36. Rd4 Qc7 37. g4 Rh3 38. Rf4 Rxh4 39. Rc5 Rxg4+ 40.
Rxg4 Qxc5 0-1

[Event "2nd Agzamov Memorial"]
[Site "Tashkent UZB"]
[Date "2008.03.26"]
[Round "7"]
[White "Mustafaev, K."]
[Black "Saidov, B."]
[Result "1/2-1/2"]
[WhiteElo "2299"]
[BlackElo "2329"]
[PlyCount "103"]
[EventDate "2008.03.19"]
[EventType "swiss"]
[EventRounds "9"]
[EventCountry "UZB"]
[Source "Mark Crowther"]
[SourceDate "2008.03.31"]

1. c4 Nf6 2. Nf3 e6 3. g3 d5 4. d4 c5 5. Bg2 Nc6 6. cxd5 exd5 7. O-O Be7 8. Nc3
Ne4 9. Nxe4 dxe4 10. Ne5 Nxd4 11. e3 Nf3+ 12. Bxf3 exf3 13. Qa4+ Kf8 14. e4 f6
15. Nxf3 Qd3 16. Ne1 Qe2 17. Ng2 b5 18. Qa5 Qxe4 19. Qxb5 Bb7 20. f3 Qb4 21.
Qxb4 cxb4 22. Be3 Kf7 23. Rac1 Rhc8 24. Kf2 a5 25. Nf4 g5 26. Ne2 Bd5 27. b3 a4
28. Rcd1 Ra5 29. Bb6 Bc5+ 30. Bxc5 Rcxc5 31. Rd2 axb3 32. axb3 Bxb3 33. Rb1 Ra3
34. Nd4 Bd5 35. Rxb4 Bxf3 36. Nb5 Rxb5 37. Rxb5 Kg6 38. Rdb2 Be4 39. R5b3 Ra1
40. Ke3 f5 41. g4 Re1+ 42. Kf2 Rh1 43. gxf5+ Kxf5 44. Rh3 Kg4 45. Rh6 Bg6 46.
Rb4+ Kf5 47. Rh3 g4 48. Kg2 Rc1 49. Ra3 Kg5 50. Kg3 Bf5 51. Rxg4+ Bxg4 52. h4+
1/2-1/2

[Event "2nd Agzamov Memorial"]
[Site "Tashkent UZB"]
[Date "2008.03.26"]
[Round "7"]
[White "Glek, I."]
[Black "Gubaydulin, T."]
[Result "1-0"]
[WhiteElo "2546"]
[BlackElo "2211"]
[PlyCount "52"]
[EventDate "2008.03.19"]
[EventType "swiss"]
[EventRounds "9"]
[EventCountry "UZB"]
[Source "Mark Crowther"]
[SourceDate "2008.03.31"]

1. e4 c5 2. Nf3 d6 3. c3 Nf6 4. h3 g6 5. Bd3 Bg7 6. Bc2 O-O 7. d4 Nc6 8. d5 Nb8
9. O-O Na6 10. Re1 Nc7 11. a4 b6 12. c4 Nd7 13. Nc3 Ba6 14. Bd3 e5 15. g4 Bc8
16. Ne2 a6 17. Ng3 Rb8 18. b3 Kh8 19. Ra2 Ne8 20. Kh2 Nef6 21. Rg1 Rg8 22. g5
Ne8 23. h4 f5 24. Bf1 Rb7 25. Bh3 Nb8 26. exf5 gxf5 1-0

[Event "2nd Agzamov Memorial"]
[Site "Tashkent UZB"]
[Date "2008.03.26"]
[Round "7"]
[White "Vovk, Y."]
[Black "Tologontegin, S."]
[Result "1/2-1/2"]
[WhiteElo "2561"]
[BlackElo "2407"]
[PlyCount "124"]
[EventDate "2008.03.19"]
[EventType "swiss"]
[EventRounds "9"]
[EventCountry "UZB"]
[Source "Mark Crowther"]
[SourceDate "2008.03.31"]

1. e4 c5 2. Nf3 d6 3. d4 cxd4 4. Nxd4 Nf6 5. Nc3 a6 6. Bc4 e6 7. Bb3 b5 8. Bg5
Be7 9. Qf3 Qc7 10. O-O-O Nbd7 11. Bxf6 Nxf6 12. g4 O-O 13. g5 Nd7 14. g6 Nc5
15. gxh7+ Kh8 16. Rhg1 Bb7 17. a3 Nxb3+ 18. cxb3 b4 19. Rxg7 Bxe4 20. Qxe4 Kxg7
21. h8=Q+ Kxh8 22. Rd3 Bg5+ 23. f4 f5 24. Rh3+ Kg8 25. Qxe6+ Qf7 26. Rg3 Kh8
27. Nd5 Qxe6 28. Nxe6 bxa3 29. bxa3 Rfc8+ 30. Kd2 Bd8 31. Rh3+ Kg8 32. Rh5 Rab8
33. Rxf5 Bh4 34. b4 Rb7 35. Ng5 Rf8 36. Rxf8+ Kxf8 37. Ne4 Rb5 38. Nc7 Rb6 39.
Kd3 Rc6 40. Ne6+ Ke8 41. Nd4 Rb6 42. Kc4 Kd7 43. Kd5 Be7 44. f5 Rb8 45. f6 Bf8
46. Nd2 Bh6 47. Nc4 Bg5 48. f7 Bf6 49. Ne6 Be7 50. a4 Rxb4 51. h4 Rb1 52. f8=Q
Bxf8 53. Nxf8+ Ke7 54. Ne6 Rb4 55. h5 Rxa4 56. h6 Ra1 57. Nxd6 Rh1 58. Ke5 a5
59. Nf5+ Kf7 60. Nc5 Kg6 61. Nd4 Rh5+ 62. Kd6 Rxc5 1/2-1/2

[Event "2nd Agzamov Memorial"]
[Site "Tashkent UZB"]
[Date "2008.03.26"]
[Round "7"]
[White "Egin, V."]
[Black "Mustafaev, J."]
[Result "1/2-1/2"]
[WhiteElo "2437"]
[BlackElo "2286"]
[PlyCount "164"]
[EventDate "2008.03.19"]
[EventType "swiss"]
[EventRounds "9"]
[EventCountry "UZB"]
[Source "Mark Crowther"]
[SourceDate "2008.03.31"]

1. e4 c5 2. Nf3 d6 3. Bb5+ Nd7 4. d4 cxd4 5. Qxd4 Ngf6 6. Bg5 e6 7. Nc3 a6 8.
Bxd7+ Bxd7 9. O-O-O e5 10. Qe3 Rc8 11. Bxf6 Qxf6 12. Nd5 Qg6 13. Nb6 Rc7 14.
Nxd7 Rxd7 15. Rd5 Qe6 16. Rhd1 f6 17. Nd2 Rc7 18. Qb3 Qc8 19. Nf1 Be7 20. Ne3
g6 21. R5d3 Rc6 22. Nd5 Rf8 23. Kb1 f5 24. exf5 Rxf5 25. f3 Rf8 26. Nc3 Qc7 27.
Ne4 Kd7 28. Nc3 Qb6 29. Qa4 Rf4 30. Ne4 Kc8 31. Qa3 Rf8 32. Nc3 Qc5 33. Qb3 Qc4
34. Nd5 Bd8 35. Qxc4 Rxc4 36. Nc3 Be7 37. Ne4 Rc6 38. b3 Kd7 39. c4 Ke6 40. a4
b6 41. Nc3 Ra8 42. h4 h5 43. g3 Ra7 44. Kc2 Bf8 45. Kd2 Rc8 46. Ke2 Rb7 47. Rd5
Rc5 48. R5d3 Rc8 49. Ne4 Rc6 50. Ng5+ Ke7 51. Rd5 b5 52. axb5 axb5 53. cxb5
Rc2+ 54. Kf1 Rb6 55. Ra1 Rc7 56. Ra6 Rcb7 57. Rxb6 Rxb6 58. Ke2 Bh6 59. Kd3
Bxg5 60. hxg5 Rb8 61. Kc4 Kd7 62. Rd1 Kc7 63. Ra1 Rf8 64. Ra7+ Kb6 65. Ra6+ Kc7
66. Rc6+ Kb7 67. Rxd6 Rxf3 68. Rxg6 Rxg3 69. b4 Rg1 70. Kd5 h4 71. Kxe5 h3 72.
Rh6 Rxg5+ 73. Kd4 Rg4+ 74. Kc5 Rg5+ 75. Kc4 Rg4+ 76. Kb3 Rg3+ 77. Ka4 Rf3 78.
Rh7+ Kb6 79. Rh6+ Kb7 80. b6 Ka6 81. b5+ Kb7 82. Kb4 Rg3 1/2-1/2

[Event "2nd Agzamov Memorial"]
[Site "Tashkent UZB"]
[Date "2008.03.26"]
[Round "7"]
[White "Kim, Alex"]
[Black "Khoroshev, N."]
[Result "1-0"]
[WhiteElo "2442"]
[BlackElo "2138"]
[PlyCount "101"]
[EventDate "2008.03.19"]
[EventType "swiss"]
[EventRounds "9"]
[EventCountry "UZB"]
[Source "Mark Crowther"]
[SourceDate "2008.03.31"]

1. e4 d6 2. d4 Nf6 3. Nc3 g6 4. Nf3 Bg7 5. Be2 O-O 6. O-O Bg4 7. Be3 Nbd7 8. h3
Bxf3 9. Bxf3 e5 10. g3 c6 11. Bg2 Qc7 12. dxe5 dxe5 13. a4 Rfd8 14. Qe2 Nf8 15.
Qc4 Ne6 16. Ne2 Ne8 17. c3 Nd6 18. Qa2 b5 19. b3 a5 20. Rfd1 Nb7 21. Qc2 Rxd1+
22. Rxd1 Rd8 23. Nc1 bxa4 24. bxa4 Nbc5 25. Rxd8+ Qxd8 26. Bf1 Bf8 27. Kg2 Qd7
28. Bc4 Be7 29. h4 Bf8 30. Bxe6 Qxe6 31. Bxc5 Bxc5 32. Qb3 Qd6 33. Qc4 Bb6 34.
Qa6 Bd8 35. Nb3 Qc7 36. Nd2 Qb6 37. Qc8 Kg7 38. Qd7 Qc7 39. Qe8 h5 40. Nc4 Bf6
41. Kh3 Kh7 42. Kh2 Kg7 43. Kg2 Kh7 44. Qf8 Qd7 45. Nxa5 Bxh4 46. Qc5 Kg7 47.
Nxc6 Bf6 48. Qd5 Qb7 49. a5 h4 50. gxh4 Bxh4 51. Nxe5 1-0

[Event "2nd Agzamov Memorial"]
[Site "Tashkent UZB"]
[Date "2008.03.26"]
[Round "7"]
[White "Galyamov, V."]
[Black "Kvon, A."]
[Result "0-1"]
[WhiteElo "2269"]
[BlackElo "2381"]
[PlyCount "88"]
[EventDate "2008.03.19"]
[EventType "swiss"]
[EventRounds "9"]
[EventCountry "UZB"]
[Source "Mark Crowther"]
[SourceDate "2008.03.31"]

1. e4 c5 2. Nf3 Nc6 3. d4 cxd4 4. Nxd4 Nf6 5. Nc3 d6 6. Bc4 Bd7 7. Bb3 g6 8. f3
Bg7 9. Be3 O-O 10. Qd2 Ne5 11. Bh6 Rc8 12. h4 Bxh6 13. Qxh6 Qa5 14. O-O-O Rxc3
15. bxc3 Qxc3 16. Kb1 a5 17. h5 a4 18. hxg6 Nxg6 19. Bd5 e6 20. Ne2 Qb4+ 21.
Bb3 axb3 22. cxb3 Ra8 23. Nc1 Bc6 24. Qg5 Qc3 25. Nd3 Ra5 26. e5 Bb5 27. Nf2
Qxe5 28. Qxe5 dxe5 29. Rd8+ Kg7 30. g4 h6 31. Nh3 Bc6 32. g5 hxg5 33. Nxg5 e4
34. f4 Nxf4 35. Rg1 Ng6 36. Rd2 Rf5 37. Rdg2 Be8 38. Re1 Rf4 39. Kb2 Kf8 40. a4
Ne5 41. Ka3 Bc6 42. b4 e3 43. Rg3 Rd4 44. b5 Bd5 0-1

[Event "2nd Agzamov Memorial"]
[Site "Tashkent UZB"]
[Date "2008.03.27"]
[Round "8"]
[White "Sabirov, F."]
[Black "Vovk, Y."]
[Result "0-1"]
[WhiteElo "2362"]
[BlackElo "2561"]
[PlyCount "52"]
[EventDate "2008.03.19"]
[EventType "swiss"]
[EventRounds "9"]
[EventCountry "UZB"]
[Source "Mark Crowther"]
[SourceDate "2008.03.31"]

1. e4 c5 2. Nc3 d6 3. f4 Nc6 4. Nf3 g6 5. Bc4 Bg7 6. d3 e6 7. O-O Nge7 8. Qe1
O-O 9. Bb3 d5 10. f5 dxe4 11. dxe4 exf5 12. Qh4 fxe4 13. Ng5 Qd4+ 14. Kh1 h6
15. Bxf7+ Rxf7 16. Nxf7 Bf5 17. Nxh6+ Bxh6 18. Bxh6 e3 19. Qg3 Re8 20. Rfe1 e2
21. Nxe2 Qxb2 22. h3 Qe5 23. Qf3 Qf6 24. Nf4 Kh7 25. Bg5 Qxg5 26. Ne6 Qf6 0-1

[Event "2nd Agzamov Memorial"]
[Site "Tashkent UZB"]
[Date "2008.03.27"]
[Round "8"]
[White "Kurnosov, I."]
[Black "Dzhumaev, M."]
[Result "1-0"]
[WhiteElo "2577"]
[BlackElo "2527"]
[PlyCount "29"]
[EventDate "2008.03.19"]
[EventType "swiss"]
[EventRounds "9"]
[EventCountry "UZB"]
[Source "Mark Crowther"]
[SourceDate "2008.03.31"]

1. e4 d6 2. d4 Nf6 3. Nc3 g6 4. Bg5 Nbd7 5. Qd2 a6 6. O-O-O b5 7. e5 b4 8. exf6
bxc3 9. Qxc3 e6 10. Re1 Nb6 11. d5 Na4 12. Qc6+ Bd7 13. Rxe6+ fxe6 14. dxe6 Bg7
15. exd7+ 1-0

[Event "2nd Agzamov Memorial"]
[Site "Tashkent UZB"]
[Date "2008.03.27"]
[Round "8"]
[White "Timoshenko, G."]
[Black "Zinchenko, Ya"]
[Result "1/2-1/2"]
[WhiteElo "2560"]
[BlackElo "2516"]
[PlyCount "30"]
[EventDate "2008.03.19"]
[EventType "swiss"]
[EventRounds "9"]
[EventCountry "UZB"]
[Source "Mark Crowther"]
[SourceDate "2008.03.31"]

1. c4 e5 2. Nc3 Nf6 3. g3 Bb4 4. Bg2 O-O 5. Nf3 Nc6 6. O-O Bxc3 7. bxc3 Qe7 8.
d3 d6 9. e4 Rb8 10. h3 a6 11. a4 b5 12. axb5 axb5 13. cxb5 Rxb5 14. Re1 Bd7 15.
d4 Rfb8 1/2-1/2

[Event "2nd Agzamov Memorial"]
[Site "Tashkent UZB"]
[Date "2008.03.27"]
[Round "8"]
[White "Saidov, B."]
[Black "Egin, V."]
[Result "1/2-1/2"]
[WhiteElo "2329"]
[BlackElo "2437"]
[PlyCount "43"]
[EventDate "2008.03.19"]
[EventType "swiss"]
[EventRounds "9"]
[EventCountry "UZB"]
[Source "Mark Crowther"]
[SourceDate "2008.03.31"]

1. e4 e5 2. Nf3 Nf6 3. d4 Nxe4 4. dxe5 d5 5. Bd3 Be7 6. O-O Nc5 7. Bb5+ c6 8.
Be2 Nbd7 9. c4 dxc4 10. Bxc4 O-O 11. Nc3 Nb6 12. Be2 Bg4 13. Nd4 Bxe2 14. Ncxe2
Qd5 15. Nf4 Qd7 16. b3 Nd5 17. Nxd5 Qxd5 18. Bb2 Rfd8 19. Re1 Bf8 20. Qc2 Ne6
21. Nxe6 Qxe6 22. Rad1 1/2-1/2